000 00454nam a2200181Ia 4500
008 170705s9999 xx 000 0 und d
020 _a9780590461917
245 _aMy messy room /
245 _cMary Packard ; illustrated by Stephanie Britt.
260 _aNew York :
260 _bScholastic,
260 _c1993
300 _aunpaged :
300 _bcolor illustration ;
300 _c23cm.
440 _aMy first hello reader!
500 _aBR
999 _c335291
_d335291